| 000 | 00902nam a2200217Ii 4500 | ||
|---|---|---|---|
| 003 | JO-AjNU | ||
| 008 | 230605s9999||||xx |||||||||||||| ||und|| | ||
| 017 | _a10519 | ||
| 020 | _a977-308-088-9 | ||
| 040 |
_aJO-AjNU _bara _erda _cJO-AjNU |
||
| 041 | _aara | ||
| 050 | 1 | 4 | _aDT95 |
| 100 | 3 |
_aالقلا، ابراهيم علي السيد, _eauthor _961874 |
|
| 245 | 0 | 0 | _aتاريخ مصر الاسلامية وجوانب من حضارتها منذ الفتح الاسلامي حتى نهاية العصر الفاطمي(20-567هـ /640-1171م) |
| 264 | 3 | 1 | _aدسوق: دار العلم والايمان للنشر والتوزيع |
| 300 |
_a331ص _b ويحتوي على قائمة مراجع وببلوغرافيا من ص307-ص331 |
||
| 336 |
_atext _btxt _2rdacontent |
||
| 337 |
_aunmediated _bn _2rdamedia |
||
| 338 |
_avolume _bnc _2rdacarrier |
||
| 650 | 4 |
_aمصر الاسلامية _961875 |
|
| 999 |
_aA27990 _c31558 _d31558 |
||